000 00780 a2200229 4500
003 OSt
005 20210310154005.0
008 160502b xxu||||| |||| 00| 0 eng d
038 _aa
040 _c0
082 _a315.491005
100 _aFederal Bureau of Statistics Statistics Division.
_935952
245 _a50 YEARS OF PAKISTAN IN STATISTICS.
_b1947-1997.
_cFederal Bureau of Statistics Statistics Division.Government of Pakistan.
250 _aVolume-III
260 _aKarachi.
_bGovernment of Pakistan.
_c1947-1997.
300 _a400p.
500 _aPaper cover.
563 _apbk
600 _aFederal Bureau of Statistics Statistics Division.
_935952
700 _aFederal Bureau of Statistics Statistics Division.
_935952
942 _aNBS
_cBK
_k315.491005 PAK
_2ddc
999 _c348525
_d348525